000 007710000a22002410004500
001 50996
100 _a20131121d2013 e y0pory5003 ba
101 0 _apor
102 _aPT
200 1 _aClara e os cães
_fDaniel Joris
_gil. Valériane
_gtrad. Philos Comunicação Global
210 _aPorto
_cMajora
_d[200-?]
215 _a[16] p.
_cmuito il.
225 2 _aAmigos-Amigos
_v2
606 _92099
_aLiteratura infantil -- Conto
675 _a82-34
_vBN
_zpor
675 _a087.5-053.5
_vBN
_zpor
700 1 _925742
_aJoris
_bDaniel
702 1 _946160
_4440
_aValériane
_bValériane
712 0 2 _94857
_4730
_aPhilos Comunicação Global
801 _aPT
_c20131121
090 _a50996
942 _cMON
_n0
999 _a50996